| Tag |
First Indicator |
Second Indicator |
Subfields |
| LEADER |
00000cam a22000001a 4500 |
| 001 |
in00004153298 |
| 005 |
20200117100356.0 |
| 006 |
m d f |
| 007 |
cr bn mmmapmmp |
| 008 |
150604s2014 mdu o f000 0 eng d |
| 035 |
|
|
|a chdc20150358
|
| 040 |
|
|
|a UMI
|c UMI
|d UtOrBLW
|
| 086 |
0 |
|
|a Y 4.IN 8/19:S.HRG.113-601
|
| 110 |
1 |
|
|a United States.
|b Congress.
|b Senate.
|b Select Committee on Intelligence.
|0 http://id.loc.gov/authorities/names/n79071244
|
| 245 |
1 |
0 |
|a Open Hearing To Consider the Nominations of John P. Carlin and Francis X. Taylor.
|
| 264 |
|
1 |
|a Bethesda, Md. :
|b ProQuest,
|c 2014.
|
| 300 |
|
|
|a 133 pages, digital, PDF file.
|
| 336 |
|
|
|a text
|b txt
|2 rdacontent
|
| 337 |
|
|
|a computer
|b c
|2 rdamedia
|
| 338 |
|
|
|a online resource
|b cr
|2 rdacarrier
|
| 500 |
|
|
|a Record is based on bibliographic data in ProQuest U.S. Congressional Hearings Digital Collection. Reuse except for individual research requires license from ProQuest, LLC.
|
| 533 |
|
|
|a Electronic reproduction.
|b [Bethesda, Md.] :
|c ProQuest,
|d 2015.
|e digital, PDF file.
|n ProQuest Congressional Hearings Digital Collection.
|n Mode of access: World Wide Web via ProQuest website.
|
| 538 |
|
|
|a System requirements: PDF reader software.
|
| 500 |
|
|
|a Electronic resource.
|
| 600 |
1 |
0 |
|a Carlin, John P.,
|d 1973-
|0 http://id.loc.gov/authorities/names/no2015059592
|
| 600 |
1 |
0 |
|a Taylor, Francis X.,
|d 1948-
|0 http://id.loc.gov/authorities/names/no2014159314
|
| 610 |
1 |
0 |
|a United States.
|b Department of Homeland Security
|x Officials and employees
|x Selection and appointment.
|
| 610 |
1 |
0 |
|a United States.
|b Department of Justice
|x Officials and employees
|x Selection and appointment.
|
| 776 |
0 |
8 |
|i Microfiche version:
|a United States. Congress. Senate. Select Committee on Intelligence
|t Open Hearing To Consider the Nominations of John P. Carlin and Francis X. Taylor
|o CIS 2015 S421-1
|w cis20151161
|
| 856 |
4 |
0 |
|u http://proxy.library.tamu.edu/login?url=http://search.proquest.com/congcomp/getdoc?HEARING-ID=HRG-2014-ISS-0001
|y Electronic resource (PDF)
|z CIS 2015-S421-1
|t 0
|
| 998 |
|
|
|a cis20151161
|
| 999 |
f |
f |
|s fc9fb19e-76fc-3634-85f9-ddde45d2a821
|i c7913fa0-edc2-3c05-a09f-cd936428287f
|t 0
|
| 952 |
f |
f |
|a Texas A&M University
|b College Station
|c Electronic Resources
|d Available Online
|t 0
|e Y 4.IN 8/19:S.HRG.113-601
|h Superintendent of Documents classification
|
| 998 |
f |
f |
|a Y 4.IN 8/19:S.HRG.113-601
|t 0
|l Available Online
|